Word Ladder: A Flash of Light Quiz Stats

 Plays Quiz Updated May 5, 2019

Score 0/20 Timer 02:30
0 Plays Today
Hint 5-Letter Word % Correct
Like Swiss cheese or a spongeHOLEY
89.7%
Musical classic 'Hello, _____!'DOLLY
87.8%
Ivy’s partner, in a carolHOLLY
87.1%
“We ___ Overcome”SHALL
84.2%
Relating to the Sun🔥 SOLAR 🔥
82.2%
Lacy protectorDOILY
79.4%
Sedimentary rockSHALE
78.6%
VibrateSHAKE
76.8%
Cold, in a wayPOLAR
69.8%
Rotating tool for making holesDRILL
68.4%
Hint 5-Letter Word % Correct
Nine- or eighteen-___ (golf course description)HOLER
68.1%
Gondola pilotPOLER
61.4%
Sing like a birdTRILL
58.1%
Unethical promoter (or a stooge for a company)SHILL
57.6%
With detachment; matter-of-factly (alt.)DRILY
55.5%
GuzzleSWILL
48%
Diagonal-weave fabricTWILL
47.3%
Quench thirstSLAKE
47.2%
Forget or fail to do somethingFLAKE
31.6%
Outburst🔥 FLARE 🔥
29.4%

Today's Daily Dose

Missing Word
Celine Dion

Word Ladder
Dr. Seuss Books

Quick Pick
Cities in India

Get the Picture
'A' Actresses

You're not logged in!

Compare scores with friends on all Sporcle quizzes.
OR
Log In

Sporcle TV

Today on Sporcle TV


Watch our educational content, quiz creation guides, and fun videos on Sporcle TV.

Show Comments

Extras

Top Quizzes Today


Score Distribution

Your Account Isn't Verified!

In order to create a playlist on Sporcle, you need to verify the email address you used during registration. Go to your Sporcle Settings to finish the process.

Report this User

Report this user for behavior that violates our Community Guidelines.

Details: